02606nkc a2200289za 450000100060000000300040000600500170001000700070002700800410003404000240007524501020009926000150020130001010021650001080031750001530042550003620057850003740094065100210131465500190133585200620135485601500141685601500156685601500171685601500186685601500201685601500216684433OSt20260420150930.0kh bo 250408s1895 sp ||||| |||| 00| i|spa d cM-RABAaM-RABAbspa01a[Excavaciones arqueológicas en Kenézlób: hallazgo de restos humanos]h[Material gráfico] c[ca. 1895] a6 fotografíasb: gelatina c; 18 x 16 cm (medidas mínimas)c; 11 x 17 cm (medidas máximas) aConjunto de seis fotografías que representan excavaciones arqueológicas en Kenézló, Hungría.  aLas fotografías presentan restos al verso de pegamento, parecen haber sido despegadas de un soporte secundario. Muchas de ellas presentan roturas. aAcompaña una nota con anotaciones mecanografiadas: “L’âge de la migration des euples. 1. Une sépulture de la cimetière de Cikó. Fouilles exécutées par M. Wossinszky en 1895”. 2.-6. Procédé des foulles des cimetières. Sépultures du temps de la conquète hogroise / IX. Ème siècle/ mis au jour par N. Fettich à Kenézló". aAcompaña una nota con anotaciones mecanografiadas (traducción): La edad de la migración de los euples. 1. Un enterramiento del cementerio de Cikó. Excavaciones realizadas por M. Wossinszky en 1895". 2.-6. Método de excavación del cementerio. Enterramientos de la época de la conquista de Hogroise / siglo IX. siglo/ excavados por N. Fettich en Kenézló 7aHungría2embne 7aFotografías. jFot-568 ; Fot-569 ; Fot-570 ; Fot-571 ; Fot-572 ; Fot-573 3Fot-568uhttps://archivoybiblioteca.realacademiabellasartessanfernando.com/cgi-bin/koha/opac-retrieve-file.pl?id=eb50e1859cd1ccf859f738a48d4a9f33 3Fot-569uhttps://archivoybiblioteca.realacademiabellasartessanfernando.com/cgi-bin/koha/opac-retrieve-file.pl?id=a6b7b4c44f466691a26e0720baa53276 3Fot-570uhttps://archivoybiblioteca.realacademiabellasartessanfernando.com/cgi-bin/koha/opac-retrieve-file.pl?id=2ef92ba4f02c192e8fe4e2b6149669f2 3Fot-571uhttps://archivoybiblioteca.realacademiabellasartessanfernando.com/cgi-bin/koha/opac-retrieve-file.pl?id=c9ad138946a4b27b3f72a59e6ec28394 3Fot-572uhttps://archivoybiblioteca.realacademiabellasartessanfernando.com/cgi-bin/koha/opac-retrieve-file.pl?id=6312e64a877f0aa2cd7b644388dda6e1 3Fot-573uhttps://archivoybiblioteca.realacademiabellasartessanfernando.com/cgi-bin/koha/opac-retrieve-file.pl?id=ba4739a731f8edb029c01102ba1c3bdb